| 000 | 00601nam a22001937a 4500 | ||
|---|---|---|---|
| 999 |
_c525450 _d525450 |
||
| 003 | NUST | ||
| 005 | 20190702065852.0 | ||
| 008 | 190702b ||||| |||| 00| 0 eng d | ||
| 038 | _aMr. Zahoor | ||
| 082 | _a621.39 | ||
| 100 |
_aKhan, Masud Waqas _916332 |
||
| 245 |
_aFrequency Hopping in Staggered Multi - Hopped Multi - Subnet Environment / _cWaqas Masud Khan |
||
| 260 |
_aIslamabad : _bCEME - NUST, _c2012. |
||
| 300 |
_aix, 60 p. : ill. ; _c30cm. |
||
| 500 | _aHardcover. | ||
| 650 |
_aComputer Engineering - Ph.D Thesis _916333 |
||
| 700 |
_aDr. Shoab Ahmad khan _916279 |
||
| 942 |
_2ddc _cTHE |
||